Introduction to quantitative analysis in human geography (Record no. 3441)

MARC details
000 -LEADER
fixed length control field 00418nam a2200121 4500
082 ## - DEWEY DECIMAL CLASSIFICATION NUMBER
Classification number 330.9
Item number YEA
245 ## - TITLE STATEMENT
Title Introduction to quantitative analysis in human geography
250 ## - EDITION STATEMENT
Edition statement rev. ed.
260 ## - PUBLICATION, DISTRIBUTION, ETC.
Place of publication, distribution, etc. New York
Name of publisher, distributor, etc. McGraw-Hill
Date of publication, distribution, etc. c1974
300 ## - PHYSICAL DESCRIPTION
Extent xiv,300p.;23cm.
490 ## - SERIES STATEMENT
Series statement McGraw-Hill series in goegraphy
500 ## - GENERAL NOTE
General note Published in 1968 under title : An introduction to quantitative analysis in economic geography
Holdings
Withdrawn status Lost status Damaged status Not for loan Collection code Home library Current library Date acquired Total Checkouts Full call number Barcode Date last seen Price effective from Koha item type
        GEOGRAPHY & YAMUNACHARYA North Eastern Hill University North Eastern Hill University 24/11/2011   330.9 YEA B3869 24/11/2011 24/11/2011 Books